MEMORY How to Develop, Train and Use It. (Record no. 12560)

MARC details
000 -LEADER
fixed length control field 00293nam a22000977a 4500
008 - FIXED-LENGTH DATA ELEMENTS--GENERAL INFORMATION
fixed length control field 240405b |||||||| |||| 00| 0 eng d
020 ## - INTERNATIONAL STANDARD BOOK NUMBER
International Standard Book Number 9789390441020
100 ## - MAIN ENTRY--PERSONAL NAME
Personal name Atkinson Walker William
9 (RLIN) 7762
245 ## - TITLE STATEMENT
Title MEMORY How to Develop, Train and Use It.
260 ## - PUBLICATION, DISTRIBUTION, ETC. (IMPRINT)
Place of publication, distribution, etc. New Delhi
Name of publisher, distributor, etc. Srishti Publishers
Date of publication, distribution, etc. 2022
Holdings
Withdrawn status Lost status Source of classification or shelving scheme Damaged status Koha normalized classification for sorting Not for loan Home library Current library Shelving location Date acquired Total Checkouts Full call number Barcode Date last seen Date last checked out Price effective from Koha item type
    Dewey Decimal Classification   ATK_150_000000000000000   Good Samaritan School Library Good Samaritan School Library PSYCHOLOGY 04/05/2024 3 ATK150 ATK17845 07/28/2025 07/18/2025 04/05/2024 BOOK

Powered by Koha